000 00281nam a22001217a 4500
020 _a81-8023-023-6
082 _a823
_bDSP/S
245 _aTHE STORY OF BLACK BEAUTY
260 _aDELHI
_bD S PUBLISHERS
520 _aENGLISH SHORT STORY
650 _aENGLISH SHORT STORY
942 _cBK
999 _c5458
_d5458